Southville International School and Colleges
Your cart is empty.
  • Cart
  • Lists
    Public lists Eva Luna New books Lux_list list_1
    Your lists Log in to create your own lists
  • Log in to your account
  • Your cookies
  • Search history
Southville International School and Colleges
  • Advanced search
  • Recent comments
  • Most popular
  • Libraries

Log in to your account

Log in with GOOGLE


If you do not have an external account, but do have a local account, you can still log in:

  1. Home
  2. MARC view: Factors affecting the grade 5 students of Southville International School SY 2002-2003 on their academic performance /
Normal view MARC view ISBD view

Factors affecting the grade 5 students of Southville International School SY 2002-2003 on their academic performance / (Record no. 96837)

[ view plain ]
MARC details
000 -LEADER
fixed length control field 00822nam a2200217 a 4500
003 - CONTROL NUMBER IDENTIFIER
control field 0
005 - DATE AND TIME OF LATEST TRANSACTION
control field 20250429113314.0
008 - FIXED-LENGTH DATA ELEMENTS--GENERAL INFORMATION
fixed length control field 970114s19uu xx 00 eng d
050 ## - LIBRARY OF CONGRESS CALL NUMBER
Classification number PGS LB 1062.6
Item number .B576 2003
100 ## - MAIN ENTRY--PERSONAL NAME
Personal name Biag, Kyrene Dennise T.
245 ## - TITLE STATEMENT
Title Factors affecting the grade 5 students of Southville International School SY 2002-2003 on their academic performance /
Statement of responsibility, etc Kyrene Dennise T. Biag.
260 ## - PUBLICATION, DISTRIBUTION, ETC. (IMPRINT)
Place of publication, distribution, etc Las Piñas City, Philippines :
Name of publisher, distributor, etc Southville International School and Colleges,
Date of publication, distribution, etc 2003.
300 ## - PHYSICAL DESCRIPTION
Extent 26 pages :
Other physical details illustrations ;
Dimensions 28 cm.
504 ## - BIBLIOGRAPHY, ETC. NOTE
Bibliography, etc Includes bibliographical references.
650 ## - SUBJECT ADDED ENTRY--TOPICAL TERM
Topical term or geographic name as entry element Academic achievement.
650 ## - SUBJECT ADDED ENTRY--TOPICAL TERM
Topical term or geographic name as entry element Motivation in education.
650 ## - SUBJECT ADDED ENTRY--TOPICAL TERM
Topical term or geographic name as entry element Study skills.
650 ## - SUBJECT ADDED ENTRY--TOPICAL TERM
Topical term or geographic name as entry element Learning
Form subdivision Psychological aspects.
650 ## - SUBJECT ADDED ENTRY--TOPICAL TERM
Topical term or geographic name as entry element School environment.
942 ## - ADDED ENTRY ELEMENTS (KOHA)
Source of classification or shelving scheme Library of Congress Classification
Koha item type PASS
Holdings
Withdrawn status Lost status Source of classification or shelving scheme Damaged status Home library Current library Shelving location Date acquired Source of acquisition Total Checkouts Full call number Barcode Date last seen Price effective from Koha item type
    Library of Congress Classification   Luxembourg Library Luxembourg Library Portfolio Assessment of SISC Students Section 05/19/2003 Donation   PGS LB 1062.6 .B576 2003 P0832 04/08/2014 04/08/2014 PASS

Factors affecting the grade 5 students of Southville International School SY 2002-2003 on their academic performance /

APA

Biag K. D. T., . (2003). Factors affecting the grade 5 students of Southville International School SY 2002-2003 on their academic performance. Las Piñas City, Philippines: Southville International School and Colleges.

Chicago

Biag Kyrene Dennise T, . 2003. Factors affecting the grade 5 students of Southville International School SY 2002-2003 on their academic performance. Las Piñas City, Philippines: Southville International School and Colleges.

Harvard

Biag K. D. T., . (2003). Factors affecting the grade 5 students of Southville International School SY 2002-2003 on their academic performance. Las Piñas City, Philippines: Southville International School and Colleges.

MLA

Biag Kyrene Dennise T, . Factors affecting the grade 5 students of Southville International School SY 2002-2003 on their academic performance. Las Piñas City, Philippines: Southville International School and Colleges. 2003.

  • Print
  • Cite
  • Add to your cart (remove)
  • Save record
    BIBTEX Dublin Core MARCXML MARC (non-Unicode/MARC-8) MARC (Unicode/UTF-8) MARC (Unicode/UTF-8, Standard) MODS (XML) RIS
  • More searches
    Search for this title in:
    Other Libraries (WorldCat) Other Databases (Google Scholar) Online Stores (Bookfinder.com) Open Library (openlibrary.org)

Exporting to Dublin Core...

SOUTHVILLE LIBRARY

Southville International School and Colleges Library

1281 Tropical Ave. Cor. Luxembourg St., BF Homes International, Las Pinas City

Tel. No. 8256374 / 252358 Loc. 117/146

Powered by Koha